00544cam a2200121 a 4500040000800000082002600008245008600034260010000120300005200220500004800272710004800320856005400368 cDLC00a315 NAT 2000 A089 Or.00aGeneral population census of Cambodia, 1998 :banalysis of census results report. aPhnom Penh, Cambodia :bNational Institute of Statistics, Ministry of Planning,c1999-<2000 > av. <1-8 > :bill., maps (some col.) ;c31 cm. a"Funded by United Nations Population Fund".2 aNational Institute of Statistics (Cambodia)41uhttp://www.loc.gov/catdir/toc/fy032/00369925.html